| 000 | 00542nam a2200169 4500 | ||
|---|---|---|---|
| 001 | 120466 | ||
| 003 | ES-MaACL | ||
| 005 | 20230906191546.0 | ||
| 007 | t| | ||
| 008 | 070214s1963 sp r ||||1| spa d | ||
| 100 | 1 |
_aPitigrilli. _992411 |
|
| 245 | 1 | 3 |
_aEl experimento de Pott _b: novela / _cPitigrilli [seud. de Dino Segre] ; traducción del italiano por Andrés Lupo Canaleta. |
| 260 |
_aBarcelona : _bPlaneta, _c1963. |
||
| 300 |
_a278 p. ; _c20 cm. |
||
| 700 | 1 |
_aLupo Canaleta, Andrés. _974805 |
|
| 852 |
_aES-MaACL _jC-24369 _bR.52175 |
||
| 999 |
_c120466 _d120466 |
||